ბათუმის შოთა რუსთაველის სახელმწიფო უნივერსიტეტის ბიბლიოთეკა

Зоология позвоночных . (ბიბ.ჩანაწერი № 35132)

000 -LEADER
fixed length control field 00647nam a2200229Ia 4500
001 - CONTROL NUMBER
control field 973
003 - CONTROL NUMBER IDENTIFIER
control field GE_BSU
008 - FIXED-LENGTH DATA ELEMENTS--GENERAL INFORMATION
fixed length control field 181216s||||||||xx |||||||||||||| ||und||
040 ## - CATALOGING SOURCE
Transcribing agency GE_BSU
080 ## - UNIVERSAL DECIMAL CLASSIFICATION NUMBER
Universal Decimal Classification number 596(075.8)
100 ## - MAIN ENTRY--PERSONAL NAME
Personal name Наумов,С.П.
245 ## - TITLE STATEMENT
Title Зоология позвоночных .
245 ## - TITLE STATEMENT
Remainder of title Для студ.Билогических специальностей пед ин-тов
250 ## - EDITION STATEMENT
Edition statement Изд. 3-е,пераб
260 ## - PUBLICATION, DISTRIBUTION, ETC.
Place of publication, distribution, etc. Москва
260 ## - PUBLICATION, DISTRIBUTION, ETC.
Name of publisher, distributor, etc. ,,Просвещеение
260 ## - PUBLICATION, DISTRIBUTION, ETC.
Date of publication, distribution, etc. 1973
300 ## - PHYSICAL DESCRIPTION
Extent 424 с.
653 ## - INDEX TERM--UNCONTROLLED
Uncontrolled term Зоология позвоночных
942 ## - ADDED ENTRY ELEMENTS (KOHA)
Koha item type წიგნი
ეგზემპლარები
Withdrawn status Lost status Damaged status Not for loan Date acquired Barcode Date last seen Price effective from Koha item type
        2018-12-17 1962 2018-12-17 2018-12-17 წიგნი